Personnalités nées dans la Somme par image - Statistiques

Statistiques générales
  • Ce quiz a été pris 39 fois
  • Le résultat moyen est 5 sur 16
Statistiques - réponses
Par images Hint Réponse % Correct
Première Dame Brigitte Macron
97%
Youtubeur Michou
88%
Directeur de cabaret Michou
74%
Humoriste Thomas VDB
50%
Rappeur Naza
38%
Footballeur Yann M'Vila
38%
Nageur Jérémy Stravius
21%
Cycliste sénior Robert Marchand
21%
Chanteur, acteur et beatboxer MB14
18%
Nutritionniste Antoine-Augustin Parmentier
6%
Cycliste Philippe Gaumont
6%
Physicien Édouard Branly
3%
Journaliste Julien Benedetto
3%
Accordéoniste Michel Pruvot
3%
Militaire et écrivain Pierre Choderlos de Laclos
3%
Nageur Stève Stievenart
3%
Aucun quiz correspondant
Distribution des résultats
% des personnes avec chaque résultat
Percentile par nombre de réponses
Votre historique - résultats
Vous n’avez pas pris ce quiz